| 000 | 00533nam a2200181 a 4500 | ||
|---|---|---|---|
| 005 | 20250116063826.0 | ||
| 008 | 991125s1969 ag 000 0 spa u | ||
| 035 | _aUPN01000006346 | ||
| 049 | _aCG | ||
| 050 | 4 |
_aLB1025 _bT4.48 |
|
| 245 | 0 | 0 |
_aCambio y educación / _cM. M. Imhoff ... [et al.]. ; tr. Leandro Wolfson. |
| 260 |
_aBuenos Aires : _bPaidós, _c1969. |
||
| 300 | _a173 p. | ||
| 440 | 0 |
_aBiblioteca del educador contemporáneo ; _v84 |
|
| 650 | 4 |
_aEducación _9682 |
|
| 700 | 1 |
_aImhoff, Myrtle M., _ecoaut. |
|
| 905 | _aLibro | ||
| 999 |
_c6346 _d6346 |
||